Trobades dels Estradé : X / [ quadre de redacció: Joana Estradé i Benet ... [et al.]] X / [ quadre de redacció:
ISBN:
84-605-6765-6
Descripción Física:
95 p. : il. col. ; 21 cm
Materias:
Estradé
MARC
| LEADER | 00000nam a2200000Ia 4500 | ||
|---|---|---|---|
| 001 | 17158 | ||
| 008 | 160829s1997 xx 000 0 cat d | ||
| 020 | |a 84-605-6765-6 | ||
| 080 | |a H-2-308 | ||
| 245 | |a Trobades dels Estradé : |b X / [ quadre de redacció: |b Joana Estradé i Benet ... [et al.]] | ||
| 260 | |a Sallent : |b Sebastià Estradé i Rodoreda, |c 1997 | ||
| 300 | |a 95 p. : |b il. col. ; |c 21 cm | ||
| 650 | |a Estradé |9 28083 | ||
| 700 | |a Estradé i Benet, Joana |9 28084 | ||
| 700 | |a Estradé i Rodoreda, Sebastià |9 28085 | ||
| 901 | |a Arxiu | ||
| 942 | |n 1 | ||
| 952 | |0 0 |1 0 |4 0 |6 H2308 |7 1 |9 44660 |a Arxiu |b Arxiu |d 2016-12-01 |l 0 |o H-2-308 |p 17158 |r 2016-12-01 00:00:00 |w 2016-12-01 |y ARXIU | ||
| 999 | |c 47241 |d 47241 | ||